| 000 | 00457cam a2200181ua 4500 | ||
|---|---|---|---|
| 020 | _c325.00 | ||
| 041 |
_aeng _h |
||
| 082 |
_a020 _bSHA/LI |
||
| 100 | _aShaema, Pandey S K . | ||
| 245 |
_aLibrary computerisation / _cS K Shaema Pandey. _hTextual Documents |
||
| 250 |
_a1 / _b. |
||
| 260 |
_aNew Delhi : _bEss Ess Publications , _c1993. |
||
| 300 |
_a169 ; _eCD ROM. |
||
| 365 | _a325.00 | ||
| 504 | _a | ||
| 942 | _cBK | ||
| 999 |
_c5583 _d5583 |
||